000 00326nam a2200145Ia 4500
100 _aMody/S.M.
942 _cBK
654 _aManagement Plus
245 _aTotal Quality Management Plus
260 _bNational Center for Q.M.
_aBombay
_c1993
082 _a658.562
_bMOD
300 _a207
546 _aENGLISH
999 _c22969
_d22969